DESIGNER'S GUIDE TO COLOR 3 (Record no. 211057)
[ view plain ]
| 000 -LEADER | |
|---|---|
| fixed length control field | 00394nam a22001577a 4500 |
| 008 - FIXED-LENGTH DATA ELEMENTS--GENERAL INFORMATION | |
| fixed length control field | 240730b |||||||| |||| 00| 0 eng d |
| 020 ## - INTERNATIONAL STANDARD BOOK NUMBER | |
| International Standard Book Number | 0-87701-415-9 |
| 050 ## - LIBRARY OF CONGRESS CALL NUMBER | |
| Classification number | ND 1488 .A44 1986 |
| Item number | 1 |
| 100 ## - MAIN ENTRY--PERSONAL NAME | |
| Personal name | ALLEN JEANNE. |
| 245 ## - TITLE STATEMENT | |
| Title | DESIGNER'S GUIDE TO COLOR 3 |
| 260 ## - PUBLICATION, DISTRIBUTION, ETC. | |
| Place of publication, distribution, etc. | US |
| Name of publisher, distributor, etc. | CHRONICLE BOOKS |
| Date of publication, distribution, etc. | 1986 |
| 300 ## - PHYSICAL DESCRIPTION | |
| Extent | 119P.ILL. |
| 650 ## - SUBJECT ADDED ENTRY | |
| Topical term or geographic name entry element | COLOR |
| 942 ## - ADDED ENTRY ELEMENTS (KOHA) | |
| Source of classification or shelving scheme | Library of Congress Classification |
| Koha item type | Long Loan Book |
| Withdrawn status | Lost status | Source of classification or shelving scheme | Damaged status | Not for loan | Collection | Home library | Current library | Shelving location | Date acquired | Inventory number | Total checkouts | Full call number | Barcode | Date last seen | Copy number | Price effective from | Koha item type |
|---|---|---|---|---|---|---|---|---|---|---|---|---|---|---|---|---|---|
| Library of Congress Classification | Arts & Social Sciences | Kisii University Library | Kisii University Library | On Display | 07/30/2024 | 67389 | ND 1488 .A44 1986 | 000000007097 | 07/30/2024 | 1 | 07/30/2024 | Long Loan Book |